000 00599nam a2200241 a 4500
001 0001-1326
003 ELIB.Books
008 150806 2010 eng
020 _aKBTS
035 _a(ELIB.Books)0001-1481
092 _a152.5
_bCon
100 _aConwell, Russell H.
245 _aMotivational Classics
260 _aHarrsburg.
_bExecutive Books
_c1983
300 _a141
_c22 Cm
500 _aDr. Min Oo
650 _aPsychological Drives
856 _nKBTS: Library
_uKBTS: Elib
942 _2ddc
_cBK
990 _a1
998 _cbat
_e2015-08-06
999 _c11326
_d11326